| 000 | 00544nam a2200181Ia 4500 | ||
|---|---|---|---|
| 001 | 20178 | ||
| 005 | 20260306172747.0 | ||
| 008 | 260306t2012||||xx |||||||||||||| ||spa|| | ||
| 041 | _aESP | ||
| 082 |
_a342.812 _bI59 2010 |
||
| 100 |
_aInstituto Internacional para la Unificación del Derecho Privado _eAUT |
||
| 245 | 0 |
_aPrincipios UNIDROIT sobre los contratos comerciales internacionales 2010: _b"Black Letter Rules" |
|
| 260 | _c2012 | ||
| 300 |
_a242 pƔginas : _c24 cm. |
||
| 650 | _aGEN | ||
| 654 | _aCDE | ||
| 942 |
_cLIB _dJUS _fJUS _2ddc _n |
||
| 999 |
_c20178 _d20178 |
||